Solárna klimatizácia pomocou Fresnelových solárnych kolektorov v kombinácii s ejektorovým chladením : tézy inauguračnej prednášky vypracované k vymenúvaciemu konaniu za profesora v odbore habilitačného a inauguračného konania Energetické stroje a zariadenia podľa § 35 ods. 4 zákona č. 269/2018, Z.z. /

Uloženo v:
Podrobná bibliografie
Hlavní autor: Masaryk, Michal, 1963- (Autor)
Médium: Diplomová práce Kniha
Jazyk:slovenština
Vydáno: Bratislava : Spektrum STU, 2020
Vydání:Vydanie prvé
Edice:Edícia kvalifikačných prác
Témata:
ISBN:9788022749923
On-line přístup: Získat plný text
Tagy: Přidat tag
Žádné tagy, Buďte první, kdo vytvoří štítek k tomuto záznamu!

MARC

LEADER 00000nam a2200000 4500
003 SK-BrCVT
005 20220621181325.0
006 adlo e m 000 0d
008 201110s2020 xo dlo e m 000 0dslo#d
020 |a 9788022749923   |q (brož.) 
035 |a CVTIDW0076298 
040 |a SNK  |b slo  |c SNK  |e rda  |d CVTI SR 
041 0 |a slo  |b slo  |b eng 
044 |a xo  |c SK 
072 0 |a 697  |2 CVTI SR 
080 |a 697.9  |2 2011 
100 1 |a Masaryk, Michal,  |d 1963-  |4 aut 
245 1 0 |a Solárna klimatizácia pomocou Fresnelových solárnych kolektorov v kombinácii s ejektorovým chladením :  |b tézy inauguračnej prednášky vypracované k vymenúvaciemu konaniu za profesora v odbore habilitačného a inauguračného konania Energetické stroje a zariadenia podľa § 35 ods. 4 zákona č. 269/2018, Z.z. /  |c Michal Masaryk 
250 |a Vydanie prvé 
260 |a Bratislava :  |b Spektrum STU,  |c 2020 
300 |a 31 s. :  |b fotogr., grafy, lit., obr., tab. ;  |c 21 cm 
336 |a text  |b txt  |2 rdacontent 
337 |a bez média  |b n  |2 rdamedia 
338 |a zväzok  |b nc  |2 rdacarrier 
366 |e 50 kusov 
490 0 |a Edícia kvalifikačných prác 
502 |a 3. 3. 2020 
504 |a Použité symboly a skratky 
653 1 |a klimatizácia 
655 7 |a habilitačné práce  |2 SNKPH 
760 1 |t Edícia kvalifikačných prác 
852 |a CVTISR  |b 1 
901 |a 1 Slovenská národná knižnica Martin (SNK)  |b 20201110103405  |d clas01  |u z3950.snk.sk:1111  |i vtls011986582  |m 20200811130800.0 
910 |b A629489 
919 |a 978-80-227-4992-3 
959 |a 61 
974 |a katarina.repata  |f Knihy 
992 |a DHP 
999 |c 249443  |d 249443